000 004230000a22001810004500
003 MACL
005 20151010121111.0
008 151010b xxu||||| |||| 00| 0 eng d
040 _aMACL
_cMACL
041 _aEnglish
082 _a920/EQW
100 _aEdwards, Thomas
_914280
245 _aHenry Derozio
260 _bRiddhi-India
_c1980
_aNew Delhi
350 _a50
650 _aBiography
_914281
942 _cBK
_k920
_2ddc
999 _c6926
_d6926